10 największych miast w kraju Usteckim (Czechy) - Statystyki

Ogólne statystyki
  • Ten quiz został rozwiązany 13 razy
  • Średni wynik to 7 z 10
Odpowiedzi na mapie
Odpowiedzi zakodowano w zielono-czerwonej skali na mapie do tego quizu, zgodnie z poniższymi procentami.
 
Statystyki odpowiedzi
Populacja Miasto % Poprawnych
45 tys. Děčín
100%
45 tys. Chomutów
75%
50 tys. Cieplice
75%
23 tys. Litomierzyce
75%
65 tys. Most
75%
90 tys. Uście nad Łabą
75%
19 tys. Žatec
75%
19 tys. Jirkov
50%
22 tys. Litvínov
50%
18 tys. Kadaň
25%
Nie znaleziono quizów pasujących do podanych kryteriów
Rozkład punktacji
Procent ludzi z każdym wynikiem
Percentyl według liczby udzielonych odpowiedzi
Twoja historia wyników
Nie rozwiązałeś tego quizu